| 000 | 00356nam a22001337a 4500 | ||
|---|---|---|---|
| 082 | _aCP-07 | ||
| 100 |
_aShahid Hussain, TVF _950848 |
||
| 245 |
_aEngineering Hydrology CE-354 course pack _cCourse pack |
||
| 250 | _aFall-2017 | ||
| 260 |
_aMCE _bShahid Hussain, TVF _c2017 |
||
| 526 |
_a0 _b0 _c0 _dCP_07 |
||
| 650 |
_aCourse Pack _950849 |
||
| 942 |
_2ddc _cBKB |
||
| 999 |
_c553580 _d553580 |
||